| 000 | 00815aam a2200277 4500 | ||
|---|---|---|---|
| 005 | 20170209153355.0 | ||
| 008 | 150728b xxu||||| |||| 00| 0 spa d | ||
| 041 | _aEspañol | ||
| 082 | _a1.3.4 K79t | ||
| 100 |
_aKohen, Pablo A. _939066 |
||
| 245 | _aTecnología y gestión de agencias de viajes | ||
| 260 | _aArgentina | ||
| 260 | _bMacchi | ||
| 260 | _c2005 | ||
| 300 | _a204 páginas | ||
| 650 |
_aAGENCIAS DE VIAJES _93013 |
||
| 650 |
_aTURISMO _9894 |
||
| 650 |
_aEMPRESAS TURÍSTICAS _91531 |
||
| 650 |
_aFUNCIONES DE LAS AGENCIAS DE VIAJES _939067 |
||
| 650 |
_aCOMERCIALIZACIÓN DEL TURISMO _927723 |
||
| 650 |
_aSERVICIOS TURÍSTICOS _91080 |
||
| 650 |
_aSERVICIO AL CLIENTE _91558 |
||
| 650 |
_aRESERVACIONES _96012 |
||
| 650 |
_aADMINISTRACIÓN DE AGENCIAS DE VIAJES _939068 |
||
| 942 | _cBK | ||
| 999 |
_c6731 _d6731 |
||